| 000 | 00747nam a22002177a 4500 | ||
|---|---|---|---|
| 999 |
_c8156 _d8156 |
||
| 003 | AR-CdUCM | ||
| 008 | 190322b ||||| |||| 00| 0 spa d | ||
| 040 |
_aMUNICIPALIDAD PROVINCIAL DEL CUSCO _cBIBLIOTECA MUNICIPAL DEL CUSCO |
||
| 082 |
_a301.4443 / _bF61 |
||
| 100 |
_aFlores Ochoa, Jorge A. _91877 |
||
| 245 | _aLlamichos y Paqocheros / | ||
| 260 |
_aCuzco : _bCentro de Estudios Andinos Cuzco, _c1988. |
||
| 300 |
_a318 paginas ; _c21 cm. |
||
| 505 | _aContenido: origen y desarrollo del pastoreo -- pastizales y rebaños -- sociedad propiedad y herencia -- ceremonias y canciones... | ||
| 650 |
_aPatoreo _923015 |
||
| 650 |
_aFormas _923016 |
||
| 650 |
_aOrigenes _923017 |
||
| 650 |
_aPerú _935 |
||
| 942 |
_2ddc _cLIBROS |
||
| 945 | _apjha | ||